| 000 | 00472nam a2200169Ia 4500 | ||
|---|---|---|---|
| 008 | 160319s9999 xx 000 0 und d | ||
| 100 | _aWiser, Bud. | ||
| 245 | 4 | _aThe eggplant lady / | |
| 245 | _cwritten by Bud Wiser, Pat She.. | ||
| 260 | _aManila : | ||
| 260 | _bPaulines Audiovisual. | ||
| 260 | _c2004 | ||
| 300 | _a1 videodisc : | ||
| 300 | _bsound, colored ; | ||
| 300 | _c4 3/4 in. | ||
| 650 | _aJesus Christ -- Passion -- Criticism, interpretation, etc. | ||
| 999 |
_c292665 _d292665 |
||